'Shin' Shinkansen/Bullet Train Stations - Statistics

General Stats
  • This quiz has been taken 188 times
    45 since last reset
  • The average score is 11 of 20
Answer Stats
Line Prefecture Station % Correct
Tohoku Aomori Shin-Aomori
95%
Tokaido Osaka Shin-Osaka
88%
Sanyo Hyogo Shin-Kobe
80%
Tokaido Kanagawa Shin-Yokohama
80%
Hokkaido Hokkaido Shin-Hakodate Hokuto
73%
Tokaido Shizuoka Shin-Fuji
65%
Sanyo Yamaguchi Shin-Yamaguchi
65%
Sanyo Yamaguchi Shin-Shimonoseki
58%
Sanyo Okayama Shin-Kurashiki
53%
Tohoku Fukushima Shin-Shirakawa
53%
Sanyo Hiroshima Shin-Onomichi
50%
Kyushu Saga Shin-Tosu
50%
Tohoku Iwate Shin-Hanamaki
48%
Nishi-Kyushu Nagasaki Shin-Ōmura
45%
Sanyo Yamaguchi Shin-Iwakuni
40%
Kyushu Kumamoto Shin-Minamata
40%
Kyushu Kumamoto Shin-Yatsushiro
40%
Kyushu Fukuoka Shin-Omuta
35%
Hokuriku Toyama Shin-Takaoka
35%
Kyushu Kumamoto Shin-Tamana
33%
No matching quizzes found
Score Distribution
Percent of People with Each Score
Percentile by Number Answered
Your Score History
You have not taken this quiz since the last reset